|
|
|
|
| LEADER |
01392nam a2200277 a 4500 |
| 001 |
3996047 |
| 008 |
090617s1996 nyua f 001 0 eng d |
| 010 |
|
|
|a 96000530
|
| 020 |
|
|
|a 0471124397 (cloth : alk. paper)
|
| 020 |
|
|
|a 0471124419 (pbk. : alk. paper)
|
| 040 |
|
|
|a DLC
|c DLC
|d DLC
|
| 082 |
0 |
0 |
|a 658.8/4
|2 20
|
| 100 |
1 |
|
|a Smith, Jeanette,
|d 1924-
|
| 245 |
1 |
0 |
|a Entrepreneur magazine :
|b guide to integrated marketing /
|c Jeanette Smith.
|
| 260 |
|
|
|a New York :
|b John Wiley,
|c c1996.
|
| 300 |
|
|
|a xii, 277 p. :
|b ill. ;
|c 24 cm.
|
| 490 |
1 |
|
|a Entrepreneur magazine small business series
|
| 504 |
|
|
|a Includes index.
|
| 541 |
1 |
|
|e 00007936
|
| 650 |
|
0 |
|a Advertising media planning
|x Handbooks, manuals, etc.
|
| 650 |
|
0 |
|a Direct marketing
|x Handbooks, manuals, etc.
|
| 852 |
4 |
|
|a Ayesha Abed Library
|j General shelf
|
| 999 |
|
|
|c 1467
|d 1467
|
| 952 |
|
|
|0 0
|1 0
|2 ddc
|4 0
|6 658_840000000000000_SMI_1996
|7 0
|9 1345
|a BRACUL
|b BRACUL
|c GEN
|d 2009-06-28
|g 0.00
|l 1
|m 16
|o 658.84 SMI
|p 3010007936
|r 2018-12-12
|s 2018-09-04
|t 1
|w 2009-06-28
|y BK
|x No price found in the accession register.
|
| 952 |
|
|
|0 0
|1 0
|2 ddc
|4 0
|6 658_840000000000000_SMI_1996
|7 0
|9 16184
|a BRACUL
|b BRACUL
|c GEN
|d 2011-04-23
|l 4
|m 48
|o 658.84 SMI
|p 3010007937
|r 2019-06-25
|s 2018-12-13
|t 2
|w 2011-04-23
|y BK
|
| 952 |
|
|
|0 0
|1 0
|2 ddc
|4 0
|6 658_840000000000000_SMI
|7 0
|9 43242
|a SCL
|b SCL
|c GEN
|d 2000-12-09
|l 1
|m 8
|o 658.84 SMI
|p 3020002943
|r 2019-03-24
|s 2019-01-21
|t 3
|w 2014-07-17
|y BK
|